00203nam a2200085Ia 4500008004100000100001500041245004200056260001000098260000900108170617s9999 xx 000 0 und d aKalia- A.N 0aText book of Industrial Pharmacognosy bC.B.S c2009